000 00627nam a2200217Ii 4500
003 JO-AjNU
008 230606s9999||||xx |||||||||||||| ||und||
020 _a0-273-60111-3
040 _aJO-AjNU
_beng
_erda
_cJO-AjNU
041 _aeng
050 1 4 _aHF5601 1993
100 3 _aWatts,John,
_eauthor
_93269
245 0 0 _aAccounting in Business Environment
250 _a1 ed
264 3 1 _aLondon: Pitman Publishing,1993
300 _a674p
_bIncludes indexes 665-674 p
336 _atext
_btxt
_2rdacontent
337 _aunmediated
_bn
_2rdamedia
338 _avolume
_bnc
_2rdacarrier
650 4 _aAccounting - Business
_93270
999 _aE1710
_c1710
_d1710